| 000 | 01077nam a22003017a 4500 | ||
|---|---|---|---|
| 003 | CHAP | ||
| 005 | 20240819182317.0 | ||
| 008 | 971013s1911 r 00010 d | ||
| 010 | _a26636 | ||
| 011 | _a27608 | ||
| 035 | _a31709 | ||
| 040 | _cCHAP | ||
| 090 | _aFolleto 6000 | ||
| 100 | 0 | 0 |
_aItié Cantelue, Gabriel. _960685 |
| 245 | _aInforme rendido al ciudadano Secretario de Fomento, Colonización e Industria sobre la organización de las lecherías cooperativas en Francia | ||
| 260 |
_aMéxico, D.F. : _bImpranta y fototipia de la Secretaría de Fomento, _c1911 |
||
| 300 |
_a128 p. _b: ilus |
||
| 590 |
_aBATCH-UPD _b10 _c20130110 _lUCH01 _h0219 |
||
| 590 |
_aBATCH-UPD _b10 _c20130110 _lUCH01 _h2234 |
||
| 590 |
_aBATCH-UPD _b10 _c20130410 _lUCH01 _h1529 |
||
| 590 |
_aBATCH-UPD _b10 _c20130914 _lUCH01 _h1635 |
||
| 590 |
_aCONVERSION _b10 _c20130109 _lUCH01 _h1315 |
||
| 650 | 1 | 7 |
_aIndustria lechera _zFrancia _2 _957837 |
| 650 | 1 | 4 |
_aSociedades cooperativas _xColima. _9108124 |
| 901 | _aBK | ||
| 942 | _cFOLL | ||
| 949 |
_aFolleto 6000 _bBC _cBPP _d-73373 _eBPP _i31709 _mD _si |
||
| 999 |
_c26636 _d26636 |
||